| 000 | 00661nam a2200229Ia 4500 | ||
|---|---|---|---|
| 005 | 20220929144959.0 | ||
| 008 | 131103s9999 xx 000 0 und d | ||
| 020 |
_a1841691399 _cRs 350 |
||
| 040 | _aLoreto College | ||
| 041 | _aEnglish | ||
| 082 |
_a150.287 _bLOE |
||
| 100 | _aLoewenthal, Kate Miriam | ||
| 245 | 3 |
_aAn Introduction to psychological tests and scales _cKate Miriam Loeenthal |
|
| 250 | _a2nd ed | ||
| 260 |
_aEast Sussex, UK _bPsychology Press Ltd. _c2001 |
||
| 300 | _axii,172p | ||
| 504 | _aIncludes bibliographical references and index | ||
| 650 | _aPsychological Tests | ||
| 651 | _aPsychology | ||
| 850 | _aLCLIB | ||
| 942 | _cBK | ||
| 999 |
_c12872 _d63351 |
||